| 000 | 00370 a2200133 4500 | ||
|---|---|---|---|
| 003 | OSt | ||
| 005 | 20180116182717.0 | ||
| 008 | 160518b xxu||||| |||| 00| 0 eng d | ||
| 040 | _c0 | ||
| 100 | _aTariq Riaz | ||
| 245 |
_aPakistan: The Energy Sector A Study in Sector Planning. _cTariq Riaz. |
||
| 260 |
_aFerozsons Ltd Lahore _c1984. |
||
| 942 |
_aNBS _cBK _k954.91 RLA _2ddc |
||
| 999 |
_c344584 _d344584 |
||